Gen Alpha Quiz - Statistics

General Stats
  • This quiz has been taken 325 times
  • The average score is 11 of 20
Answer Stats
Hint Answer % Correct
To flirt with someone in a charismatic fashion Rizz
95%
To take part of someone elses food Fanum Tax
75%
A large buttocks Gyatt
72%
To put tongue at the roof of mouth to enhance jawline appearance Mew/Mewing
71%
Someone who is particularly "good" at the above - They are a _____ Rizzler
64%
When someone is caught on camera - Caught in _____ 4k
63%
Something is incorrect, not true Cap
62%
A show about men in toilets Skibidi Toilet
61%
Something is right, true - They're speaking _____ Fax/Facts
58%
A purple monster Grimace
57%
A place where "goofy" things happen Ohio
57%
A man who all other men look up to Alpha Male
52%
What did Squidward say to SpongeBob? "Uhm, what in the Alpha?" Erm, What the Sigma
50%
A handsome man with large muscles and an attractive jawline Chad
47%
Never back down never what Give Up
43%
The other team - The _____ Opps
40%
Baby Gronk "rizzed up" this person Livvy Dunne
34%
When someone is acting weird, not normal - Almost always the color red - They are _____ Sus
32%
When someone is silly, goofy - They are _____ Skibidi
26%
What does Sketch famously say What's Up Brother
21%
No matching quizzes found
Score Distribution
Percent of People with Each Score
Percentile by Number Answered
Your Score History
You have not taken this quiz